Trasferimenti più costosi - Stagione 2022-2023 - Statistics

Statistiche generali
  • Questo quiz è stato fatto 26 volte
  • Il punteggio medio è 9 su 10
Statistiche sulle risposte
Costo (M €) Nazione Da A Calciatore % Corretto
95,00 Brazil Ajax Manchester United Antony
96%
70,65 Brazil Real Madrid Manchester United Casemiro
96%
121,00 Argentina Benfica Chelsea Enzo Fernández
96%
67,00 Netherlands Juventus Bayern Munich Matthijs de Ligt
96%
85,00 Uruguay Benfica Liverpool Darwin Núñez
92%
70,00 Sweden Real Sociedad Newcastle Alexander Isak
88%
70,00 Ukraine Shakthtar Donestsk Chelsea Mykhaylo Mudryk
88%
65,00 Spain Birghton Chelsea Marc Cucurella
75%
80,00 France Monaco Real Madrid Aurélien Tchouaméni
71%
80,40 France Leicester Chelsea Wesley Fofana
67%
Nessun quiz corrispondente trovato
Distribuzione punteggi
Percentuale di utenti per punteggio
Percentile per numero di risposta
I tuoi punteggi nel tempo
Non hai fatto questo quiz